Evaluation of the Impact of the Inflow of Foreign Direct Investment in Selected Regions of the Slovak Republic

Guardado en:
Detalles Bibliográficos
Autor principal: Barlašová, Terézia
Formato: Capítulo de libro
Lenguaje:inglés
Materias:
Etiquetas: Agregar Etiqueta
Sin Etiquetas, Sea el primero en etiquetar este registro!

MARC

LEADER 00000naa$a2200000$$$4500
001 0271027
005 20240502074245.0
041 0 |a eng 
044 |a SK 
245 1 0 |a Evaluation of the Impact of the Inflow of Foreign Direct Investment in Selected Regions of the Slovak Republic  |c Terézia Barlašová 
610 2 0 |a Slovensko 
610 2 0 |a investície priame zahraničné 
610 2 0 |a spoločnosť 
610 2 0 |a investori 
100 1 |a Barlašová, Terézia